| 000 | 01618nam a2200397 a 4500 | ||
|---|---|---|---|
| 003 | BLK | ||
| 005 | 20230719114900.0 | ||
| 008 | 180408b bul|||||r ||||||| ||bul|| | ||
| 010 | _aKNG00038205000 | ||
| 040 | _aBLK | ||
| 041 |
_aRUS _cRUS |
||
| 080 |
_aМузиканти-творци, композитори _b78.071.1 _x(470)(092) _z78.071.1(470)(092) |
||
| 080 |
_aРуски композитор, пианист и диригент _b929 Рахманинов, Сергей Василиевич _z929 Рахманинов, Сергей Василиевич |
||
| 100 | 1 |
_aСоколова, Ольга Ивановна _eпърви автор _9274400 |
|
| 139 |
_aСоколова, Ольга Ивановна _bР 40 |
||
| 245 | 1 | 0 |
_aСергей Васильевич Рахманинов _cОльга Ивановна Соколова. |
| 257 | _aSUN | ||
| 260 |
_bМузыка _c1983 _aМосква |
||
| 300 |
_a160 с. _bс ил. _c16 см |
||
| 380 | _a7 | ||
| 600 | 1 | 4 |
_aРахманинов, Сергей Василиевич _9274401 |
| 650 | 4 |
_aКомпозитори, руски _9267007 |
|
| 650 | 4 |
_aМузика - Русия _9267008 |
|
| 651 | 4 |
_aРусия _9179465 |
|
| 653 | _aкомпозитори | ||
| 653 | _aбиографии | ||
| 653 | _aРусия | ||
| 653 | _aСергей Рахманинов | ||
| 852 |
_aЦб І 22433 _bЦб |
||
| 856 | 4 | _qpdf | |
| 856 | 4 | _qpdf | |
| 942 |
_cKNG _n0 _01 |
||
| 944 |
_aCR _c17.05.2011 _lРусанова Ирена _k30542 |
||
| 944 |
_aED _c29.07.2014 _lдобави в АБ / 14.05.2011 |
||
| 999 |
_c35472 _d35472 |
||
| 999 | _d35472 | ||